[Event "Madurai Athens of the East op-C 1st"]
[Site "Madurai"]
[Date "2019.08.15"]
[Round "4"]
[White "Infant, Jose H"]
[Black "Gopinath, P."]
[Result "1/2-1/2"]
[WhiteElo "1387"]
[BlackElo "1522"]
[PlyCount "80"]
[EventDate "2019.08.14"]
[EventType "swiss"]
[EventRounds "10"]
[EventCountry "IND"]
[SourceTitle "EXT 2022"]
[Source "ChessBase"]
[SourceDate "2021.10.06"]
[SourceVersion "1"]
[SourceVersionDate "2021.10.06"]
[SourceQuality "1"]

1. e4 c5 2. c3 e6 3. d4 d5 4. exd5 Qxd5 5. Nf3 cxd4 6. cxd4 Nc6 7. Nc3 Qd8 8. Be2 Nf6 9. 0-0 Be7 10. h3 a6 11. Be3 0-0 12. Qd2 b5 13. a3 Bb7 14. Rad1 Nb8 15. Ne5 Nbd7 16. Bf3 Bxf3 17. Nxf3 Nb6 18. Qe2 Rc8 19. Rc1 Nfd5 20. Nxd5 Qxd5 21. Rfd1 h6 22. Ne5 Bd6 23. Qg4 Kh7 24. Rxc8 Nxc8 25. Qf3 Ne7 26. Qxd5 Nxd5 27. Nf3 Nxe3 28. fxe3 Rc8 29. Rd2 Bg3 30. Kf1 Kg6 31. Ke2 Kf6 32. Kd3 Ke7 33. Rc2 Rxc2 34. Kxc2 Kd6 35. Kd3 e5 36. e4 g6 37. b3 exd4 38. Kxd4 Bf2+ 39. Kd3 Kc5 40. b4+ Kd6 1/2-1/2